Olimpí­ada ortográfica junior [juego] /

Guardado en:
Formato: Objeto Físico
Publicado: Argentina : Lugano toys, [200?]
Materias:
Etiquetas: Agregar Etiqueta
Sin Etiquetas, Sea el primero en etiquetar este registro!
LEADER 01104nrm a22001815g 4500
001 CEM.cems019295
008 130507b200?##################0###0#####d
005 20220830111452.0
003 CEMS
245 0 0 |a Olimpí­ada ortográfica junior [juego] /  |c Lugano Toys. 
260 |a Argentina :  |b Lugano toys,  |c [200?] 
300 |a 1 juego (1 tabla, 4 dados con letras, 1 anotador, 25 fichas pequeñas blancas, 25 fichas pequeñas negras, 10 fichas grandes blancas, 10 fichas grandes negras, 25 conos amarillos, 25 conos azules) ; en caja 28 x 28 x 4 cm. + manual 1 de instrucciones, preguntas, consignas, premios, castigos ; manual 2 de respuestas, soluciones, ayudas gramaticales, Í­ndice de reglas ortográficas. 
500 |a Para 2 a 4 jugadores a partir de 10 años y adultos objetivo :ayuda para sistematizar, a partir del juego continuado, las dificultades de la escritura. 
082 0 4 |a J793.73 
653 |a 1. juegos de preguntas y respuestas 
653 |a 2. juegos de escritura 
859 |a CEMS  |b BIB. CEMS - Ludoteca  |h J793.73  |i L957  |p 223.00  |t Ej.1 
859 |a CEMS  |b BIB. CEMS - Ludoteca  |h J793.73  |i L957  |p 381.00  |t Ej.2